| 000 | 00622nam a2200169 i 4500 | ||
|---|---|---|---|
| 001 | 82577 | ||
| 003 | ES-MaACL | ||
| 005 | 20230906174710.0 | ||
| 007 | t| | ||
| 008 | 041111s1937 sp ||||1| lat d | ||
| 100 | 1 |
_aBlanco García, Vicente. _929259 |
|
| 245 | 1 | 0 |
_aDe Virginitate Beatae Mariae de San Ildefonso _b: historia de su tradición manuscrita / _ctexto y comentario gramatical y estilístico por Vicente Blanco García. |
| 260 |
_aMadrid : _b[s.n., _c1937] ( _fRivadeneyra) |
||
| 300 |
_a268 p., 8 lám. ; _c22 cm. |
||
| 500 | _aPrecede al tít. Junta para ampliación de Estudios. | ||
| 852 |
_aES-MaACL _jA-4628 |
||
| 999 |
_c82577 _d82577 |
||